00568nam a22001937a 450000500170000001000130001702000110003003500130004103700160005404000120007008200130008210000130009524500680010826000470017627000470022330000310027065000150030165000580031620170124105956.0 aB-041725 c240.00 aB-041725 bCen Lib/Ret aDPLbEN a000bGUP aGupta, R aSSC combined main exam for graduate level posts /cby R. Gupta  aNew Delhi bRamesh Publishing House c2002 bNew Delhi a12-H, new dariya ganj e110002 avarious pagings c23cm(Hb) aGeneralia  aReasonings & numericals xexercise question pper etc